| 000 | 00428nam a2200181Ia 4500 | ||
|---|---|---|---|
| 008 | 230524s9999 xx 000 0 und d | ||
| 020 | _a97881828114171 | ||
| 082 |
_a658.45 _bJEF |
||
| 100 | _aFrank Jefkins | ||
| 245 | 0 | _aAdvertising | |
| 250 | _aIST | ||
| 260 |
_aNEW DELHI _b Pearson _c2009 |
||
| 300 | _aXX;409 | ||
| 500 | _aQuantity Number: 2 | ||
| 650 | _aManagement | ||
| 700 | _a Revised by D.Yadin | ||
| 942 | _cBK | ||
| 999 |
_c43310 _d43310 |
||